[Event "Barcelona Sant Marti op-A 22nd"]
[Site "Barcelona"]
[Date "2022.07.13"]
[Round "1"]
[White "Aronyak, Ghosh"]
[Black "Monedero Gonzalez, Josep"]
[Result "1-0"]
[WhiteElo "2486"]
[BlackElo "2002"]
[PlyCount "51"]
[EventDate "2022.07.13"]
[EventType "swiss"]
[EventRounds "9"]
[EventCountry "ESP"]
[SourceTitle "CBM 209 Extra"]
[Source "ChessBase"]
[SourceDate "2022.09.30"]
[SourceVersion "1"]
[SourceVersionDate "2022.09.30"]
[SourceQuality "1"]

1. c4 e6 2. Nc3 Nf6 3. e4 Nc6 4. Nf3 d5 5. e5 Ne4 6. d4 Be7 7. Bd3 Nxc3 8. bxc3 dxc4 9. Bxc4 0-0 10. 0-0 Na5 11. Bd3 c5 12. Qc2 g6 13. Bh6 Re8 14. Qd2 Nc6 15. Qf4 cxd4 16. Rad1 f6 17. Qg3 f5 18. cxd4 Nb4 19. Bc4 Nd5 20. h4 Kf7 21. Ng5+ Bxg5 22. Bxg5 Qc7 23. Rc1 Qd7 24. Bxd5 Qxd5 25. Rc7+ Bd7 26. Qb3 1-0

[Event "Barcelona Vila de Gracia Seniors 55+ op"]
[Site "Barcelona"]
[Date "2018.05.14"]
[Round "9"]
[White "Monedero Gonzalez, Josep"]
[Black "Gonzalez Camps, Lluis"]
[Result "1/2-1/2"]
[WhiteElo "1916"]
[BlackElo "2162"]
[PlyCount "79"]
[EventDate "2018.03.05"]
[EventType "swiss"]
[EventRounds "9"]
[EventCountry "ESP"]
[SourceTitle "EXT 2019"]
[Source "ChessBase"]
[SourceDate "2018.10.10"]
[SourceVersion "1"]
[SourceVersionDate "2018.10.10"]
[SourceQuality "1"]

1. d4 c5 2. d5 Nf6 3. Nc3 g6 4. e4 d6 5. f4 Nfd7 6. Nf3 Bg7 7. Be2 0-0 8. 0-0 b6 9. a4 Na6 10. Ra3 Nc7 11. Bc4 a6 12. Qe2 Rb8 13. e5 b5 14. axb5 axb5 15. Bxb5 Nb6 16. Rd1 Bg4 17. Bc6 Bxf3 18. gxf3 Qc8 19. Ra7 Qd8 20. Qe4 Nd7 21. Bxd7 Qxd7 22. Qa4 Qxa4 23. Nxa4 Rfc8 24. c3 Kf8 25. exd6 exd6 26. Be3 Ra8 27. Rxa8 Rxa8 28. Nb6 Ra2 29. Nc4 Ne8 30. Bf2 Bf6 31. Re1 Ra6 32. Bg3 Ng7 33. Re2 Nf5 34. Kf2 h5 35. Kg2 Ra7 36. Be1 Ra4 37. Nb6 Rxf4 38. Bg3 Nxg3 39. hxg3 Rf5 40. Nd7+ 1/2-1/2

[Event "Barcelona Sant Marti op-A 19th"]
[Site "Barcelona"]
[Date "2017.07.19"]
[Round "7"]
[White "Tejaswini, Sagar"]
[Black "Monedero Gonzalez, Josep"]
[Result "1-0"]
[WhiteElo "2160"]
[BlackElo "1957"]
[PlyCount "59"]
[EventDate "2017.07.13"]
[EventType "swiss"]
[EventRounds "9"]
[EventCountry "ESP"]
[SourceTitle "EXT 2018"]
[Source "ChessBase"]
[SourceDate "2017.10.13"]
[SourceVersion "1"]
[SourceVersionDate "2017.10.13"]
[SourceQuality "1"]

1. e4 e6 2. d4 d5 3. Nd2 Nf6 4. e5 Nfd7 5. Bd3 c5 6. c3 Nc6 7. Ne2 cxd4 8. cxd4 f6 9. exf6 Nxf6 10. Nf3 Bd6 11. 0-0 Qc7 12. g3 0-0 13. Bf4 Nh5 14. Bxd6 Qxd6 15. Nc3 g6 16. Re1 Bd7 17. Rc1 Rf6 18. Bf1 Raf8 19. Bg2 Ng7 20. a3 Na5 21. Rc2 Qb6 22. Ne5 Be8 23. Ng4 Rf5 24. Nh6+ Kh8 25. Nxf5 Nxf5 26. Qe2 Nxd4 27. Qe5+ Kg8 28. Nxd5 Nac6 29. Rxc6 Nxc6 30. Qxe6+ 1-0

[Event "Barcelona Sant Marti op-A 19th"]
[Site "Barcelona"]
[Date "2017.07.13"]
[Round "1"]
[White "Monedero Gonzalez, Josep"]
[Black "Deshmukh, Anup"]
[Result "0-1"]
[WhiteElo "1957"]
[BlackElo "2241"]
[PlyCount "80"]
[EventDate "2017.07.13"]
[EventType "swiss"]
[EventRounds "9"]
[EventCountry "ESP"]
[SourceTitle "EXT 2018"]
[Source "ChessBase"]
[SourceDate "2017.10.13"]
[SourceVersion "1"]
[SourceVersionDate "2017.10.13"]
[SourceQuality "1"]

1. d4 Nf6 2. Nf3 c5 3. e3 b6 4. Nbd2 Bb7 5. Bd3 e6 6. 0-0 Be7 7. b3 0-0 8. Bb2 d6 9. c4 Nbd7 10. Rc1 Re8 11. Re1 Bf8 12. Qc2 g6 13. Qb1 Bg7 14. Qa1 Qe7 15. a3 Rad8 16. Bc2 e5 17. d5 Rf8 18. Qb1 Nh5 19. g4 Nhf6 20. h3 Bc8 21. Kh2 b5 22. a4 bxa4 23. bxa4 Ba6 24. Qa2 e4 25. Ng1 Rb8 26. Kg2 h5 27. g5 Rxb2 28. Qxb2 Nxd5 29. Qa3 Qxg5+ 30. Kh1 N5f6 31. Rb1 Qh4 32. Kg2 Ne5 33. Qc3 Bc8 34. Re2 Bxh3+ 35. Nxh3 Qg4+ 36. Kh2 Qxe2 37. Bd1 Qe1 38. Nxe4 Qxc3 39. Nxc3 Nxc4 40. Rb7 Ng4+ 0-1

[Event "Barcelona Vila Gracia Seniors 55 op 4th"]
[Site "Barcelona"]
[Date "2017.03.20"]
[Round "3.10"]
[White "Santoux Canal, Albert"]
[Black "Monedero Gonzalez, Josep"]
[Result "0-1"]
[WhiteElo "1830"]
[BlackElo "1987"]
[PlyCount "70"]
[EventDate "2017.03.06"]
[EventType "swiss"]
[EventRounds "9"]
[EventCountry "ESP"]
[SourceTitle "EXT 2024"]
[Source "ChessBase"]
[SourceDate "2023.10.10"]
[SourceVersion "1"]
[SourceVersionDate "2023.10.10"]
[SourceQuality "1"]

1. e4 e6 2. d4 d5 3. e5 c5 4. c3 Qb6 5. Nf3 Bd7 6. Be2 Bb5 7. 0-0 Bxe2 8. Qxe2 Nc6 9. Be3 cxd4 10. Nxd4 Bc5 11. Rd1 Nge7 12. Na3 Bxd4 13. Bxd4 Nxd4 14. cxd4 0-0 15. Rac1 f6 16. exf6 Rxf6 17. Kh1 Raf8 18. f3 a6 19. Rc3 Nc6 20. Nc2 Rh6 21. g3 Qd8 22. Re3 Qf6 23. Qd2 Qg6 24. Qg2 Ne7 25. Rde1 Qf7 26. f4 Rc8 27. Nb4 Nf5 28. Rc3 Rxc3 29. bxc3 Nd6 30. Nd3 Ne4 31. Ne5 Qc7 32. c4 Qa5 33. Rc1 Qa3 34. Rg1 Qe3 35. h3 Rxh3+ 0-1

[Event "Catalunya-ch Seniors"]
[Site "Vila Seca"]
[Date "2016.05.29"]
[Round "9"]
[White "Dominguez Rueda, Juan"]
[Black "Monedero Gonzalez, Josep"]
[Result "1-0"]
[WhiteElo "2051"]
[BlackElo "2004"]
[PlyCount "67"]
[EventDate "2016.05.21"]
[EventType "swiss"]
[EventRounds "9"]
[EventCountry "ESP"]
[SourceTitle "CBM 172 Extra"]
[Source "ChessBase"]
[SourceDate "2016.06.21"]
[SourceVersion "1"]
[SourceVersionDate "2016.06.21"]
[SourceQuality "1"]

1. e4 g6 2. d4 Bg7 3. Nc3 d6 4. Nf3 Bg4 5. Be2 Nc6 6. d5 Bxf3 7. Bxf3 Nd4 8. Bg4 c5 9. Qd3 Nf6 10. Bh3 Nd7 11. 0-0 Ne5 12. Qd1 0-0 13. a4 a6 14. Nb1 Qb6 15. Nd2 c4 16. Kh1 f5 17. f4 fxe4 18. Nxe4 Nf7 19. Be3 Qxb2 20. c3 Nb3 21. Rb1 Qa3 22. Be6 Kh8 23. h4 Nh6 24. h5 Qxa4 25. hxg6 hxg6 26. Qe1 Qe8 27. Qh4 Rf6 28. f5 Qf8 29. Nxf6 exf6 30. fxg6 Nc5 31. g4 Nxe6 32. dxe6 Qe8 33. Bxh6 Qxg6 34. g5 1-0

[Event "Catalunya-ch Seniors"]
[Site "Vila Seca"]
[Date "2016.05.23"]
[Round "3"]
[White "Monedero Gonzalez, Josep"]
[Black "Colom Andres, Xavier"]
[Result "1-0"]
[WhiteElo "2004"]
[BlackElo "1906"]
[PlyCount "71"]
[EventDate "2016.05.21"]
[EventType "swiss"]
[EventRounds "9"]
[EventCountry "ESP"]
[SourceTitle "CBM 172 Extra"]
[Source "ChessBase"]
[SourceDate "2016.06.21"]
[SourceVersion "1"]
[SourceVersionDate "2016.06.21"]
[SourceQuality "1"]

1. d4 d5 2. Nf3 Nf6 3. e3 Bg4 4. h3 Bh5 5. g4 Bg6 6. Ne5 e6 7. h4 h6 8. Nxg6 fxg6 9. Qd3 Kf7 10. h5 g5 11. Qg6+ Kg8 12. Rg1 Nc6 13. Bd2 e5 14. Qd3 Qd7 15. Be2 e4 16. Qb3 a5 17. a3 Kh7 18. Nc3 Be7 19. Rc1 a4 20. Qa2 Rhf8 21. Nd1 Na5 22. Bxa5 Rxa5 23. c4 c6 24. Nc3 Bd6 25. Qb1 Qf7 26. Kd2 Raa8 27. Rcf1 Kh8 28. f3 Rae8 29. fxe4 dxe4 30. Nxa4 b5 31. cxb5 cxb5 32. Bxb5 Rb8 33. Nc3 Qe6 34. Qd1 Bc7 35. Rf5 Qb3 36. Qxb3 1-0

[Event "Barcelona Vila Gracia Seniors 55 op 3rd"]
[Site "Barcelona"]
[Date "2016.05.09"]
[Round "8.2"]
[White "Mas Recorda, Pere"]
[Black "Monedero Gonzalez, Josep"]
[Result "1/2-1/2"]
[WhiteElo "2026"]
[BlackElo "2003"]
[PlyCount "68"]
[EventDate "2016.03.07"]
[EventType "swiss"]
[EventRounds "8"]
[EventCountry "ESP"]
[SourceTitle "EXT 2024"]
[Source "ChessBase"]
[SourceDate "2023.10.10"]
[SourceVersion "1"]
[SourceVersionDate "2023.10.10"]
[SourceQuality "1"]

1. d4 Nf6 2. c4 g6 3. Nc3 d5 4. cxd5 Nxd5 5. e4 Nxc3 6. bxc3 Bg7 7. Bc4 0-0 8. Ne2 c5 9. 0-0 Qc7 10. Bb3 Rd8 11. Be3 b6 12. Bd5 Bb7 13. Bxb7 Qxb7 14. f3 Nc6 15. d5 Ne5 16. Rb1 Qa6 17. Qc2 Nc4 18. Bc1 Rd7 19. a4 Rad8 20. Rb5 Nd6 21. Rb1 Qc4 22. Bf4 Nb7 23. Rfe1 e6 24. dxe6 Qxe6 25. Rbd1 Na5 26. Rxd7 Qxd7 27. Bg5 Qd3 28. Qc1 Rd7 29. Kf2 Nb3 30. Qf4 Bxc3 31. Nxc3 Qxc3 32. Re3 Qb2+ 33. Kg3 f6 34. Bxf6 Nd4 1/2-1/2

[Event "Barcelona Vila Gracia Seniors 55 op 3rd"]
[Site "Barcelona"]
[Date "2016.04.11"]
[Round "4.3"]
[White "Monedero Gonzalez, Josep"]
[Black "Serrano Pertinez, Miquel"]
[Result "1/2-1/2"]
[WhiteElo "2003"]
[BlackElo "2073"]
[PlyCount "104"]
[EventDate "2016.03.07"]
[EventType "swiss"]
[EventRounds "8"]
[EventCountry "ESP"]
[SourceTitle "EXT 2024"]
[Source "ChessBase"]
[SourceDate "2023.10.10"]
[SourceVersion "1"]
[SourceVersionDate "2023.10.10"]
[SourceQuality "1"]

1. d4 e6 2. e4 c5 3. d5 d6 4. c4 exd5 5. cxd5 g6 6. Nc3 Bg7 7. Bf4 Nf6 8. Bb5+ Bd7 9. Qa4 Qb6 10. Nge2 0-0 11. 0-0 a6 12. Bxd7 Nbxd7 13. Kh1 Rfe8 14. f3 Qc7 15. Qc2 b5 16. Rac1 Rac8 17. Nd1 Ne5 18. Nd4 Qb7 19. Ne2 Nh5 20. Bg5 a5 21. g4 Nf6 22. Ne3 Qb6 23. Bxf6 Bxf6 24. f4 Nd7 25. g5 Bg7 26. Ng4 c4 27. Rf3 Nc5 28. Ng3 Qb7 29. Nf6+ Bxf6 30. gxf6 Qd7 31. Nf5 Nxe4 32. Ne7+ Rxe7 33. fxe7 Qxe7 34. Re3 f5 35. Rf1 Rc5 36. Rd1 b4 37. Rd4 c3 38. bxc3 Rxc3 39. Rxc3 Nxc3 40. Qf2 Kg7 41. Kg2 Qb7 42. Qd2 Ne4 43. Rxe4 fxe4 44. Qd4+ Kh6 45. Qxe4 a4 46. f5 gxf5 47. Qe6+ Kg5 48. Qxd6 b3 49. h4+ Kxh4 50. Qf4+ Kh5 51. Qxf5+ Kh6 52. Qf6+ Kh5 1/2-1/2

[Event "Catalunya-ch Seniors 31st"]
[Site "Santa Susanna"]
[Date "2015.05.26"]
[Round "4"]
[White "Bautista Sanchez, Joan"]
[Black "Monedero Gonzalez, Josep"]
[Result "1/2-1/2"]
[WhiteElo "2302"]
[BlackElo "2178"]
[PlyCount "61"]
[EventDate "2015.05.23"]
[EventType "swiss"]
[EventRounds "9"]
[EventCountry "ESP"]
[SourceTitle "CBM 166 Extra"]
[Source "ChessBase"]
[SourceDate "2015.06.18"]
[SourceVersion "1"]
[SourceVersionDate "2015.06.18"]
[SourceQuality "1"]

1. Nf3 Nf6 2. c4 d6 3. g3 g6 4. Nc3 Bg7 5. Bg2 e5 6. d3 0-0 7. 0-0 c5 8. Bg5 h6 9. Bxf6 Bxf6 10. Nd5 Bg7 11. Rb1 Be6 12. Nd2 Nc6 13. a3 f5 14. b4 Rf7 15. Nb3 cxb4 16. axb4 f4 17. b5 Ne7 18. Nxe7+ Qxe7 19. Nd2 Raf8 20. Qa4 b6 21. Qa3 Kh7 22. Ne4 Rd8 23. Nc3 Qg5 24. Qc1 Qh5 25. Qd1 Qg5 26. Ne4 Qe7 27. Nc3 Rdf8 28. Ne4 Qd7 29. Qb3 Rd8 30. Nc3 Rdf8 31. Ne4 1/2-1/2

[Event "Barcelona Seniors 55 op 2nd"]
[Site "Barcelona"]
[Date "2015.04.13"]
[Round "4"]
[White "Corominas Garrido, Jordi"]
[Black "Monedero Gonzalez, Josep"]
[Result "1/2-1/2"]
[WhiteElo "2052"]
[BlackElo "2175"]
[PlyCount "61"]
[EventDate "2015.03.16"]
[EventType "swiss"]
[EventRounds "8"]
[EventCountry "ESP"]
[SourceTitle "EXT 2016"]
[Source "ChessBase"]
[SourceDate "2015.10.08"]
[SourceVersion "1"]
[SourceVersionDate "2015.10.08"]
[SourceQuality "1"]

1. c4 e5 2. Nc3 Nc6 3. g3 g6 4. Bg2 Bg7 5. d3 d6 6. Nf3 f5 7. 0-0 Nf6 8. Rb1 0-0 9. b4 Re8 10. Re1 a6 11. Qb3 h6 12. b5 axb5 13. cxb5+ Be6 14. Qc2 Ne7 15. Nd2 Qc8 16. Nc4 e4 17. Ne3 d5 18. d4 c5 19. bxc6 Qxc6 20. Ned1 Nc8 21. Qb3 Nd6 22. Bf4 Nd7 23. Bxd6 Qxd6 24. e3 Rec8 25. Nb5 Qc6 26. Bf1 Bf8 27. Ndc3 Nb6 28. Na7 Rxa7 29. Qxb6 Qxb6 30. Rxb6 Rxc3 31. Rxe6 1/2-1/2

[Event "Barcelona Seniors 55 op 2nd"]
[Site "Barcelona"]
[Date "2015.03.30"]
[Round "3"]
[White "Monedero Gonzalez, Josep"]
[Black "Solsona Olive, Xavier"]
[Result "1-0"]
[WhiteElo "2175"]
[BlackElo "1983"]
[PlyCount "72"]
[EventDate "2015.03.16"]
[EventType "swiss"]
[EventRounds "8"]
[EventCountry "ESP"]
[SourceTitle "EXT 2016"]
[Source "ChessBase"]
[SourceDate "2015.10.08"]
[SourceVersion "1"]
[SourceVersionDate "2015.10.08"]
[SourceQuality "1"]

1. d4 Nf6 2. Nf3 d5 3. Bf4 Bf5 4. e3 e6 5. c4 Bxb1 6. Qa4+ Qd7 7. Qxd7+ Nbxd7 8. Rxb1 Bb4+ 9. Kd1 Ne4 10. Bg3 Bd6 11. Bxd6 Nxf2+ 12. Ke1 Nxh1 13. Bxc7 Nf6 14. c5 0-0 15. Bd3 Ng4 16. h3 Ngf2 17. Bc2 f6 18. Ke2 Rac8 19. Bh2 g5 20. Rf1 a5 21. Rxf2 Nxf2 22. Kxf2 b6 23. Ba4 bxc5 24. Bd7 cxd4 25. Bxe6+ Kg7 26. Nxd4 Rb8 27. b3 Rb6 28. Bc7 Ra6 29. a4 Ra7 30. Bb6 Ra6 31. Bc7 Ra7 32. Bxd5 Rc8 33. Bb6 Rd7 34. Be6 Rxd4 35. Bxc8 Rd2+ 36. Kf3 Kg6 1-0

[Event "Barcelona Sant Marti op-A 16th"]
[Site "Barcelona"]
[Date "2014.07.15"]
[Round "3"]
[White "Matsenko, Elena"]
[Black "Monedero Gonzalez, Josep"]
[Result "1-0"]
[WhiteElo "1929"]
[BlackElo "2071"]
[PlyCount "53"]
[EventDate "2014.07.13"]
[EventType "swiss"]
[EventRounds "9"]
[EventCountry "ESP"]
[SourceTitle "CBM 161 Extra"]
[Source "ChessBase"]
[SourceDate "2014.08.29"]
[SourceVersion "1"]
[SourceVersionDate "2014.08.29"]
[SourceQuality "1"]

1. e4 e6 2. d4 d5 3. Nd2 Nc6 4. Ngf3 Nf6 5. e5 Nd7 6. c3 f6 7. exf6 Qxf6 8. Bb5 Bd6 9. 0-0 e5 10. dxe5 Ncxe5 11. Nxe5 Bxe5 12. Bxd7+ Bxd7 13. Nf3 0-0-0 14. Bg5 Qf5 15. Bxd8 Rxd8 16. Nxe5 Qxe5 17. Re1 Qg5 18. Qd3 h6 19. Qe3 Qg6 20. Rad1 Re8 21. Qxa7 Rxe1+ 22. Rxe1 Bh3 23. g3 c6 24. Qe3 Qc2 25. Qe2 Qa4 26. Qe8+ Kc7 27. Qe5+ 1-0

[Event "Catalunya-ch Seniors"]
[Site "Santa Susanna"]
[Date "2013.05.10"]
[Round "7"]
[White "Buxade Roca, Guillermo"]
[Black "Monedero Gonzalez, Josep"]
[Result "1-0"]
[WhiteElo "2084"]
[BlackElo "2070"]
[PlyCount "70"]
[EventDate "2013.05.04"]
[EventType "swiss"]
[EventRounds "9"]
[EventCountry "ESP"]
[SourceTitle "CBM 154 Extra"]
[Source "ChessBase"]
[SourceDate "2013.06.25"]
[SourceVersion "2"]
[SourceVersionDate "2013.06.25"]
[SourceQuality "1"]

1. b3 d5 2. Bb2 c6 3. g3 Bg4 4. Bg2 Nd7 5. d4 Ngf6 6. Nd2 e6 7. Ngf3 Bb4 8. 0-0 Ba5 9. a3 Qe7 10. c4 0-0 11. Re1 Ne4 12. b4 Bc7 13. Nxe4 dxe4 14. Nd2 f5 15. f3 Bh5 16. fxe4 f4 17. e5 fxg3 18. hxg3 Rae8 19. Qc2 Qg5 20. Nf1 Rf7 21. Bc1 Qg4 22. Qe4 Qxe4 23. Bxe4 Nb6 24. e3 Nxc4 25. Ra2 Ref8 26. Rh2 g6 27. Nd2 Nxd2 28. Bxd2 Bd8 29. Bc2 Rf3 30. Rg2 R8f7 31. g4 Bh4 32. Rd1 Bf2+ 33. Kh1 Bxg4 34. Rxg4 Bxe3 35. Bxe3 Rxe3 1-0